000 00337nam a2200157Ia 4500
003 OSt
005 20240209112437.0
008 170524s9999 xx 000 0 und d
020 _a9780071202404
040 _cIIMT
100 _aRoddy- D.
245 0 _aSatellite Communications
260 _bT.M.H.
260 _c2011
942 _2ddc
_c02
999 _c6102
_d6102